Регионална библиотека "Любен Каравелов" - Русе

Магията на Тропика (Запис номер 99431)

MARC детайли
000 -Лидер
Контролно поле с фиксирана дължина 01306nam a2200337 c 4500
003 - Код на организацията, давaща контролен номер
Контролно поле BLK
005 - Дата и час на последна редакция
Контролно поле 20180422105251.0
008 - Елементи от данни с фиксирана дължина
fixed length control field 180409b bul|||||r ||||||| ||bul||
010 ## - Наследен системен номер
LC control number KNG00104436000
020 ## - Международен стандартен номер на книга ISBN
Международен стандартен номер на книга ISBN 954-732-049-1
-- издат.: Коломбина
040 ## - Източник на каталожния запис
Идентификатор на билиотеката - собственик на записа BLK
041 ## - Код за език
Код за езика на текст/звукозапис или на отделно заглавие Български
Код за езика КДБФ Български
080 ## - УДК
Текстов определител УДК Американска литература (на САЩ)
УДК код - определител по УДК 821.111(73)
УДК определител -31
УДК - код + определител 821.111(73)-31
100 1# - Редна дума - Автор
Автор Лоуъл, Елизабет
Авторска отговорност първи автор
R(LIN) 89673
139 ## - Редно поле
Редна дума Лоуел, Елизабет
Авторски знак Лот - Л 84
245 10 - Сведения за заглавието
Заглавие Магията на Тропика
Подзаглавни данни Роман
Редно поле (дума) * Елизабет Лоуел; Елизабет Лоуъл; прев. от англ. Ирина Димитрова.
257 ## - Страна на издаване
Страна на създаване/издаване Съединени американски щати
260 ## - Област на издателските данни
-- София
Име на издателя, разпространителя и проч. Коломбина
Година на издаване 2002
Печатница София : Балкан прес
300 ## - Физическа характеристика
Страници 224 с.
Размери/Мащаб 20 см
380 ## - Жанр
Жанр Худож. лит.
490 1# - СЕРИИ (Колекции)
Име на серия Harlequin
490 1# - СЕРИИ (Колекции)
-- Подсерия
Име на серия Бестселър
№: серия 67
500 ## - Общи забележки
Забележка Ориг. загл. Cnain lighting / Elizabeth Lowell.
700 1# - Други автори (авторска отговорност)
Лично име Лоуел, Елизабет
Автороска отговорност (Описва отношението между автора и произведението) *
9 (RLIN) 89657
700 1# - Други автори (авторска отговорност)
Лично име Димитрова, Ирина
Автороска отговорност (Описва отношението между автора и произведението) прев. от англ.
9 (RLIN) 363468
852 ## - Местоположение
Форматна сигнатура Цб 213276
856 4# - Електронен адрес и достъп
Електронен формат pdf - файл
Път до файла /url/
856 4# - Електронен адрес и достъп
Електронен формат pdf - файл
Път до файла /url/
942 ## - АРТИКУЛИ
Вид на библиотечния материал Книги
Скрит в OPAC Не
944 ## - СЪЗДАВАНЕ И РЕДАКЦИЯ на ЗАПИСА
Създаване/Редакция Създаване
Дата на регистрацията/редакция 01.01.2002
Служител, извършил регистрацията/редакцията Геновева_Генчева
944 ## - СЪЗДАВАНЕ И РЕДАКЦИЯ на ЗАПИСА
Създаване/Редакция Редакция
Дата на регистрацията/редакция 07.01.2005
Служител, извършил регистрацията/редакцията
999 ## - СИСТЕМНИ КОНТРОЛНИ НОМЕРА
Koha biblionumber 99431
Koha biblioitemnumber 99431
Наличности
Код за отписване Код за изгубен артикул Източник на класификационната схема Код за повреда Коз за рестрикции Код за отдаване Артикулен № Име на библиотеката - собственик Име на библиотеката, в която се намира в момента Статус (Текущо местоположение) Дата на вписване в системата Местоположение - отдел Цена в лева Инвентарен номер Систематично азбучна сигнатура Баркод Номер на екземпляра Цена в евро Служебна бележка Служебен тип на артикула
Изтеглен Не е изгубен Universal Decimal Classification Не е повреден без рестрикции заемане за дома 160143 Регионална библиотека "Любен Каравелов" Русе Регионална библиотека "Любен Каравелов" Русе Заемна - подръчен фонд 2002-12-02 Заемна - подръчен фонд 6.00 120000673559 П 820(73)-31/Л 84 120000673559 1 3.07 Дост: Pk Вид: Ф N: 41 Дата: 02.12.2002 Книги
  Не е изгубен   Не е повреден без рестрикции ползва се в читалня 160144 Регионална библиотека "Любен Каравелов" Русе Регионална библиотека "Любен Каравелов" Русе Хранилище 2004-11-12 Хранилище 6.00 120000690033 Цб 213276 120000690033 2 3.07 Дост: Dp Вид: Д N: 5 Дата: 21.01.2004 Книги
Vip Innovations Ltd, Rousse, Bulgaria 2025